| 000 | 02126cam a2200313 a 4500 | ||
|---|---|---|---|
| 003 | EG-GiCUC | ||
| 005 | 20250223031704.0 | ||
| 008 | 170318s2016 ua f m 000 0 ara d | ||
| 040 |
_aEG-GiCUC _bara _cEG-GiCUC |
||
| 041 | 0 | _aara | |
| 049 | _aايداع | ||
| 097 | _aدكتوراه | ||
| 099 | _aCai01.04.04.Ph.D.2016.نش.ج | ||
| 100 | 0 | _aنشوان عبد العزيز البغدادي | |
| 245 | 1 | 0 |
_aجريمة القرصنة البحرية : _bدراسة قانونية / _cنشوان عبد العزيز البغدادي ؛ اشراف أحمد أبوالوفا محمد |
| 260 |
_aالقاهرة : _bنشوان عبد العزيز البغدادي : _c2016 |
||
| 300 |
_a336ص ؛ _c25سم |
||
| 502 | _aاطروحة (دكتوراه) - جامعة القاهرة - كلية الحقوق - قسم القانون الدولي العام | ||
| 520 | _aلما كانت جريمة القرصنة البحرية من أخطر الجرائم التي تهدد أمن وسلامة الملاحة البحرية: لذلك كان لابد من دراسة هذه الجريمة وتناولها كبحث مستقل ومتكامل: لإيضاح مفهوم القرصنة البحرية في القانون الدولي: وكذلك توضيح أركان جريمة القرصنة: وبيان أحكامها والفرق بينها وبين غيرها من النظم المشابهة لها: وبيان الجهود الدولية لمكافحة هذه الجريمة والمعوقات التي تعيق هذه الجهود: وكذلك بيان مفهوم وأحكام جريمة القرصنة البحرية في الشريعة الإسلامية: مستعيناً بالمنهج الوصفي التحليلي الاستقرائي في البحث | ||
| 530 | _aصدر ايضا كقرص مدمج | ||
| 653 | 4 | _aالجريمة | |
| 653 | 4 | _aالقرصنة البحرية | |
| 653 | 4 | _aالملاحة البحرية | |
| 700 | 0 |
_aأحمد أبوالوفا محمد : _eمشرف |
|
| 856 | _uhttp://172.23.153.220/th.pdf | ||
| 905 |
_aNazla _eRevisor |
||
| 905 |
_aSoheir _eCataloger |
||
| 942 |
_2ddc _cTH |
||
| 999 |
_c60301 _d60301 |
||